Técnicas de higiene urbana: recogida y tratamiento de basuras limpieza de las vías públicas, trabajos

Guardat en:
Dades bibliogràfiques
Autor principal: Dorfmann, Roger (Autor)
Autor corporatiu: Association Générale des Hygiénistes et Techniciens Municipaux. Commission des Ordures Ménagéres et du Nettoiement (Autor)
Format: Llibre
Idioma:espanyol
Publicat: Madrid Instituto de Estudios de Administración Local 1977
Col·lecció:Ingeniería Ambiental Urbana, 4
Matèries:
Etiquetes: Afegir etiqueta
Sense etiquetes, Sigues el primer a etiquetar aquest registre!

MARC

LEADER 00000nam a2200000 a 4500
001 UCV5993
003 CL-VaPUC
008 930311e19770000SP |||||||||||||||||spa|d
082 0 4 |a 628.44  |b DOR  |2 21 
100 0 |a Dorfmann, Roger  |e author  |9 300223 
110 2 |a Association Générale des Hygiénistes et Techniciens Municipaux. Commission des Ordures Ménagéres et du Nettoiement  |e author  |9 300224 
245 1 0 |a Técnicas de higiene urbana: recogida y tratamiento de basuras limpieza de las vías públicas, trabajos 
300 |a 701 p 
942 |c BK 
945 |d 19930311 00:00:00 
260 |a Madrid  |b Instituto de Estudios de Administración Local  |c 1977 
650 7 |a ELIMINACION DE BASURAS  |2 CL-VaPUC  |9 261420 
650 0 |a Salud pública  |9 258913 
650 7 |a SANEAMIENTO  |2 CL-VaPUC  |9 262909 
583 |a last modification  |c 19930311 00:00:00  |k Rodrigo Vera 
490 0 |a Ingeniería Ambiental Urbana, 4 
999 |c 212267  |d 212265 
952 |0 0  |1 0  |4 0  |6 628_440000000000000_DOR_1977  |7 0  |8 A  |9 192888  |a BIBING  |b BIBING  |d 2019-11-14  |i 2605406  |o 628.44 DOR 1977  |p 2605406  |r 2025-01-20  |w 2019-11-14  |y BK  |k CCL 
952 |0 0  |1 0  |4 0  |6 628_440000000000000_DOR_1977  |7 0  |8 A  |9 192889  |a BIBING  |b BIBING  |d 2019-11-14  |i 2605414  |o 628.44 DOR 1977  |p 2605414  |r 2025-01-20  |w 2019-11-14  |y BK  |k CCL